000 02348nas1a22003611 4500
001 RU\NLR\Per\889155
005 20260407233519.0
011 _a1815-9826
035 _a(NLR Aleph) 003131255
090 _a2835124
_c2835124
100 _a20251130 rusy50
101 0 _arus
102 _aRU
110 _aayu||||0|y0
200 1 _aВестник ИМСИТа
_dVestnik IMSIT
_eнаучно-информационный и учебно-методический журнал
210 _aКраснодар
_cАкадемия ИМСИТ
_d2002 -
311 _aРанее выходил как: Институт маркетинга и социально-информационных технологий. (Краснодар). Вестник ИМСИТа
430 0 _1001RU\NLR\INFOCOMM10\1000196601
_12001#$aВестник ИМСИТа
_171002$3RU\NLR\AUTH\8810021511$aИнститут маркетинга и социально-информационных технологий$cКраснодар
_92219039
_aИнститут маркетинга и социально-информационных технологий (Краснодар)
_cКраснодар
_d1998 - 2002
_nБ. и.
_oНауч.-информ. и учеб.-метод. журн. Ин-та маркетинга и социал.-информ. технологий
_tВестник ИМСИТа
_x1815-9826
510 1 _aVestnik IMSIT
_zeng
710 0 2 _aАкадемия маркетинга и социально-информационных технологий
_cКраснодар
_3RU\NLR\AUTH\8810159861
_9815297
801 0 _aRU
_bNLR
_c20120927
_gpsbo
801 1 _aRU
_bNLR
_c20120927
_2rusmarc
852 _aNLR
_jП23/4692
942 _cJOURNAL
980 _aNB
980 _aRUSPER